| 000 | nam a22 a 4500 | ||
|---|---|---|---|
| 999 |
_c319 _d319 |
||
| 003 | AKMAL | ||
| 005 | 20170503111532.0 | ||
| 008 | 170503s1998 my 00 eng d | ||
| 020 |
_a9835803528 (pbk. ): _cRM20.00 |
||
| 040 | _aAKMAL | ||
| 082 | 0 | 4 |
_a005.72 RON _221 |
| 090 | 0 | 0 |
_a005.72 _bRON |
| 100 | 1 |
_aXie, Rong _9725 |
|
| 245 | 1 | 0 |
_aSimple questions, simple answers : _babout HTML & Web page design / _cXie Rong |
| 260 |
_aShah Alam : _bFederal Publications, _c1998 |
||
| 300 | 0 | 0 |
_axi, 230ms. : _bill. ; _c25cm |
| 500 | _aIncludes index | ||
| 650 | 0 |
_aHTML (Document markup language) _xMiscellanea _9726 |
|
| 942 |
_2ddc _cBOOK |
||